TYRANNY OF METRICS (Record no. 8484)

MARC details
000 -LEADER
fixed length control field 00325nam a2200133Ia 4500
008 - FIXED-LENGTH DATA ELEMENTS--GENERAL INFORMATION
fixed length control field 260604s9999 xx 000 0 und d
020 ## - INTERNATIONAL STANDARD BOOK NUMBER
International Standard Book Number 9780691191911
082 ## - DEWEY DECIMAL CLASSIFICATION NUMBER
Classification number 306.42 MUL
100 ## - MAIN ENTRY--PERSONAL NAME
Personal name MULLER [JERRY Z.]
9 (RLIN) 35660
245 #0 - TITLE STATEMENT
Title TYRANNY OF METRICS
260 ## - PUBLICATION, DISTRIBUTION, ETC.
Name of publisher, distributor, etc. PRINCETON UNIVERSITY PRESS
500 ## - GENERAL NOTE
General note Metrics
942 ## - ADDED ENTRY ELEMENTS (KOHA)
Koha item type Book
Holdings
Date last seen Total Checkouts Full call number Barcode Cost, replacement price Price effective from Koha item type Lost status Damaged status Not for loan Withdrawn status Home library Current library Shelving location Date acquired Cost, normal purchase price BOOK NO
06/04/2026   306.42 MUL 004102 1779.34 06/04/2026 Book         Indian Institute of Management Visakhapatnam Indian Institute of Management Visakhapatnam   06/04/2026 1779.34 MUL

Copyright © 2024 Indian Institute of Management Visakhapatnam
Koha v23.05